000 00947nam a2200277 i 4500
001 bg
100 1 _aSarjusz-Wolski, Zdzisław.
245 1 0 _aSterowanie zapasami w przedsiębiorstwie /
_cZdzisław Sarjusz-Wolski.
260 _aWarszawa :
_bPolskie Wydawnictwo Ekonomiczne,
_c2000.
300 _a232, [1] s. :
_bil. ;
_c21 cm.
504 _aBibliogr. s. 230-[233].
521 8 _aPodręcznik akademicki.
650 9 _aBadania operacyjne
_xstosowanie
650 9 _aGospodarka materiałowa
_xzarządzanie
650 9 _aPrzedsiębiorstwo
_xzaopatrzenie
655 _aPodręczniki akademickie
020 _a8320812720
040 _cBPK
041 _apol
044 _aPOL
080 _a658.566:519.87](075.8)
920 _a83-208-1272-0
942 _cKS
008 s pl f |000 0 pol
999 _c55935
_d55935
856 _uhttp://koha.tu.koszalin.pl/cgi-bin/koha/opac-detail.pl?biblionumber=55935
_yKatalog online BPK